Diseño y construcción de un modelo de túnel de viento en la Facultad de Ingeniería

में बचाया:
ग्रंथसूची विवरण
मुख्य लेखक: Rivera Monge, Roberto
स्वरूप: पुस्तक
प्रकाशित: [San José, Costa Rica] 2005
विषय:
टैग: टैग जोड़ें
कोई टैग नहीं, इस रिकॉर्ड को टैग करने वाले पहले व्यक्ति बनें!

MARC

LEADER 00000nam a2200000Ia 4500
003 010286
005 20221231144127.0
008 140114s2005 cr a m 000 ||s d
040 |c cru CEDI 
090 |a TFG 5152 
100 |a Rivera Monge, Roberto  |9 5835 
245 |a Diseño y construcción de un modelo de túnel de viento en la Facultad de Ingeniería  
260 |c 2005  |a  [San José, Costa Rica] 
300 |a  [vii],135, [51] hojas : ilustraciones, (principalmente a color)  
500 |a  Proyecto de graduación (licenciatura en ingeniería civil)--Universidad de Costa Rica. Facultad de Ingeniería. Escuela de Ingeniería Civil 
650 |x UNIVERSIDAD DE COSTA RICA. FACULTAD DE INGENIERIA  |x TUNELES AERODINAMICOS   |x MECANICA DE FLUIDOS   |x MODELOS   |x INVESTIGACIONES  |9 5836 
942 |c TFG 
999 |c 17271  |d 17271